Simulation based network convergence activity analysis of dynamic routing protocols OSPF & RIP by using ds3 lines; Молодежь и современные информационные технологии

Bibliografische gegevens
Parent link:Молодежь и современные информационные технологии.— 2018.— [С. 211-212]
Hoofdauteur: Umair Arif S. M.
Coauteur: Национальный исследовательский Томский политехнический университет Инженерная школа неразрушающего контроля и безопасности Отделение электронной инженерии
Andere auteurs: Arysheva G. V. Galina Vladislavovna (научный руководитель)
Samenvatting:Заглавие с титульного экрана
Taal:Engels
Gepubliceerd in: 2018
Reeks:Информационные технологии в производстве и управлении предприятием
Onderwerpen:
Online toegang:http://earchive.tpu.ru/handle/11683/46605
Formaat: Elektronisch Hoofdstuk
KOHA link:https://koha.lib.tpu.ru/cgi-bin/koha/opac-detail.pl?biblionumber=626328

MARC

LEADER 00000naa2a2200000 4500
001 626328
005 20231226153937.0
035 |a (RuTPU)RU\TPU\conf\25691 
035 |a RU\TPU\conf\25689 
090 |a 626328 
100 |a 20180227d2018 k y0rusy50 ba 
101 0 |a eng 
102 |a RU 
105 |a y z 101zy 
135 |a drcn ---uucaa 
181 0 |a i  
182 0 |a b 
200 1 |a Simulation based network convergence activity analysis of dynamic routing protocols OSPF & RIP by using ds3 lines  |f S. M. Umair Arif, G. V. Arysheva  |g sci. adv. G. V. Arysheva 
203 |a Текст  |c электронный 
225 1 |a Информационные технологии в производстве и управлении предприятием 
300 |a Заглавие с титульного экрана 
320 |a [Библиогр.: с. 212 (5 назв.)] 
463 0 |0 (RuTPU)RU\TPU\conf\25518  |t Молодежь и современные информационные технологии  |o сборник трудов XV Международной научно-практической конференции студентов, аспирантов и молодых учёных, 04-07 декабря 2017 г., г. Томск  |f Национальный исследовательский Томский политехнический университет, Инженерная школа информационных технологий и робототехники ; под ред. С. С. Михалевич [и др.]  |v [С. 211-212]  |d 2018 
610 1 |a электронный ресурс 
610 1 |a труды учёных ТПУ 
610 1 |a конвергенция 
610 1 |a маршрутизация 
610 1 |a дизайн 
610 1 |a беспроводные сети 
610 1 |a проводные сети 
610 1 |a интерфейсы 
610 1 |a компьютерные сети 
700 1 |a Umair Arif  |b S. M. 
701 1 |a Arysheva  |b G. V.  |c specialist in the field of electronics  |c Assistant of Tomsk Polytechnic University, Candidate of technical sciences  |f 1983-  |g Galina Vladislavovna  |3 (RuTPU)RU\TPU\pers\34229  |9 17760 
702 1 |a Arysheva  |b G. V.  |c specialist in the field of electronics  |c Assistant of Tomsk Polytechnic University, Candidate of technical sciences  |f 1983-  |g Galina Vladislavovna  |4 727 
712 0 2 |a Национальный исследовательский Томский политехнический университет  |b Инженерная школа неразрушающего контроля и безопасности  |b Отделение электронной инженерии  |3 (RuTPU)RU\TPU\col\23507 
801 2 |a RU  |b 63413507  |c 20201229  |g RCR 
856 4 |u http://earchive.tpu.ru/handle/11683/46605 
942 |c BK